Los loros disfrazados : (Record no. 159616)

MARC details
000 -CABECERA
campo de control de longitud fija 00684nam a2200217 u 4500
005 - FECHA Y HORA DE LA ÚLTIMA TRANSACCIÓN
campo de control 20240228064052.0
008 - ELEMENTOS DE LONGITUD FIJA--INFORMACIÓN GENERAL
campo de control de longitud fija 121015s2000 ec r 000 0 spa d
020 ## - NÚMERO INTERNACIONAL NORMALIZADO PARA LIBROS
Número Internacional Estándar del Libro 9803293516
035 ## - NÚMERO DE CONTROL DEL SISTEMA
Número de control de sistema UPN01000187513
049 ## - COLECCIÓN
Colección I
050 #4 - SIGNATURA TOPOGRÁFICA DE LA BIBLIOTECA DEL CONGRESO
Número de clasificación PZ74.1
Número de documento/Ítem L6.7
245 14 - MENCIÓN DE TÍTULO
Título Los loros disfrazados :
Resto del título cuento ecuatoriano /
Mención de responsabilidad, etc. dir. Omar Uribe ; il. Francisco Cuero.
260 ## - PUBLICACIÓN, DISTRIBUCIÓN, ETC.
Lugar de publicación, distribución, etc. Ecuador :
Nombre del editor, distribuidor, etc. Lecturas Felices,
Fecha de publicación, distribución, etc. [200-].
300 ## - DESCRIPCIÓN FÍSICA
Extensión [16] p. :
Otras características físicas principalmente il. col.
440 #0 - MENCIÓN DE SERIE/ASIENTO SECUNDARIO--TÍTULO
Título Leyendas y cuentos latinoamericanos
650 #4 - ASIENTO SECUNDARIO DE MATERIA - TERMINO TEMATICO
Término de materia o nombre geográfico como elemento de entrada Libros y lectura para niños
9 (RLIN) 2290
650 #4 - ASIENTO SECUNDARIO DE MATERIA - TERMINO TEMATICO
Término de materia o nombre geográfico como elemento de entrada CUENTOS ECUATORIANOS
9 (RLIN) 17247
700 1# - ASIENTO SECUNDARIO--NOMBRE DE PERSONAL
Nombre de persona Uribe, Omar,
Término indicativo de función/relación dir.
905 ## - TIPO DE MATERIAL
Tipo de material Infantil
Holdings
Estado de retiro Estado de pérdida Fuente del sistema de clasificación o colocación Estado dañado No para préstamo Código de colección Localización permanente Ubicación/localización actual Ubicación en estantería Fecha de adquisición Clasificación Código de barras Fecha visto por última vez Número de copia Tipo de ítem Koha
    Library of Congress Classification     Infantil Bib. Gregorio Torres Quintero Bib. Gregorio Torres Quintero Sala infantil Planta baja 10/05/2023 PZ74.1 L6.7 285172 31/12/2020 1 Libro